| 000 | 00437nam a22001577a 4500 | ||
|---|---|---|---|
| 999 |
_c8612 _d8612 |
||
| 003 | OSt | ||
| 008 | 200320b ||||| |||| 00| 0 eng d | ||
| 020 | _a9788181914644 | ||
| 100 | _aSharma, H. L. | ||
| 245 | _aPrinciples of pharmacology | ||
| 250 | _a3rd/e, Reprint 2019 | ||
| 260 |
_aNew Delhi _bParas Medical Publisher |
||
| 300 | _aHardcover: 995 Pages, Dimensions: 24.5 x 18.5 x 4 cm | ||
| 650 | _aPharmacology | ||
| 942 |
_2ddc _cBK _03 |
||